1748 1923 1838 1285 1291 1237 1067 1366 1666 1884 1839 1967 1098 1258 1892 1683 1686 1045 1678 1541 1892 1213 1691 1522 1400 1290 1162 1393 1295 1990 1618 1827 1277 1827 1202 1925 1146 1052 1717 1194 1980 1357 1741 1402 1400 1223 1064 1322 1922 1298 1518 1218 1360 1501 1845 1194 1178 1967 1300 1955 1762 1720 1228 1168 1192 1274 1690 1374 1764 1127 1570 1433 1873 1667 1769 1875 1800 1355 1637 1178 1991 1540 1946 1730 1789 1317 1178 1105 1149 1224 1394 1447 1694 1223 1327 1160 1855 1998 1614 BCNSPRNW ULIB Ver.6.0+V

เปลี่ยนเป็นภาษาไทย

Change to English
 แสดงรายละเอียดบรรณานุกรม
  กลับหน้าหลัก

Brief Record : Get Marc (ISO 2709) : E-mail record : QR code < ปิดหน้าต่าง
LEADER : 00000nam 2200000uu 4500
001    13399113807
003     ULIB
008    120106s2554||||th 000 0 tha d
020    ^a9786160603725
090    ^aนว.^bฌ111ว
100 0  ^aฌามิวอาห์
245 00 ^aวิวาห์ปรารถนา/^cฌามิวอาห์
250    ^aพิมพ์ครั้งที่ 2
260    ^aกรุงเทพฯ :^bแจ่มใส,^c2554
300    ^a390 หน้า
995    ^aเกษร
999    ^aใช้งานได้ทุกระบบ
รายการนี้ยังไม่มีแท็ก
คุณยังไม่ได้ล็อกอิน คุณสามารถมีกิจกรรมร่วมกับเว็บไซต์ได้ แต่ต้องล็อกอินก่อน ::
  ล็อกอิน

รายการสื่อสารสนเทศ

ลำดับที่ ประเภท เลขเรียก/บาร์โค้ด สถานที่ สถานะ
- ไม่พบข้อมูล -

รายการใกล้เคียง
    ผู้แต่ง [ฌามิวอาห์]

BibComment


ยังไม่เคยถูกคอมเมนท์

คอมเมนท์ทรัพยากรรายการนี้
  คอมเมนท์: วิวาห์ปรารถนา ฌา..


 Copyright 2026. Bcnsprnw @Library